<?xml version="1.0" encoding="UTF-8"?>
<record
    xmlns:xsi="http://www.w3.org/2001/XMLSchema-instance"
    xsi:schemaLocation="http://www.loc.gov/MARC21/slim http://www.loc.gov/standards/marcxml/schema/MARC21slim.xsd"
    xmlns="http://www.loc.gov/MARC21/slim">

  <leader>00958nam a2200229 a 4500</leader>
  <controlfield tag="001">52764</controlfield>
  <controlfield tag="003">BD-RjUL</controlfield>
  <controlfield tag="005">20211209075845.0</controlfield>
  <controlfield tag="008">160926s1970    ii  ||||  ||| 000 0 ben d</controlfield>
  <datafield tag="020" ind1=" " ind2=" ">
    <subfield code="c">: Tk. 10.00</subfield>
  </datafield>
  <datafield tag="035" ind1=" " ind2=" ">
    <subfield code="a">(BD-RjUL)52884</subfield>
  </datafield>
  <datafield tag="040" ind1=" " ind2=" ">
    <subfield code="a">BD-RjUL</subfield>
    <subfield code="b">ben</subfield>
    <subfield code="c">BD-RjUL</subfield>
    <subfield code="d">BD-RjUL</subfield>
  </datafield>
  <datafield tag="041" ind1=" " ind2=" ">
    <subfield code="a">ben</subfield>
  </datafield>
  <datafield tag="082" ind1=" " ind2=" ">
    <subfield code="2">23</subfield>
    <subfield code="a">891.44109</subfield>
    <subfield code="b">SEP 1970</subfield>
  </datafield>
  <datafield tag="100" ind1="1" ind2=" ">
    <subfield code="a">&#x9B8;&#x9C7;&#x9A8;&#x997;&#x9C1;&#x9AA;&#x9CD;&#x9A4;, &#x9B6;&#x9CD;&#x9B0;&#x9C0;&#x9AA;&#x9CD;&#x9B0;&#x9A6;&#x9CD;&#x9AF;&#x9CB;&#x9A4; </subfield>
    <subfield code="9">157788</subfield>
  </datafield>
  <datafield tag="245" ind1="1" ind2="0">
    <subfield code="a">&#x9AA;&#x9CD;&#x9B0;&#x9BE;&#x99A;&#x9C0;&#x9A8; &#x9AC;&#x9BE;&#x982;&#x9B2;&#x9BE;&#x995;&#x9BE;&#x9AC;&#x9CD;&#x9AF;&#x9C7;&#x9B0; &#x9A4;&#x9CD;&#x9B0;&#x9BF;&#x9A7;&#x9BE;&#x9B0;&#x9BE; /</subfield>
    <subfield code="c">&#x9B6;&#x9CD;&#x9B0;&#x9C0;&#x9AA;&#x9CD;&#x9B0;&#x9A6;&#x9CD;&#x9AF;&#x9CB;&#x9A4; &#x9B8;&#x9C7;&#x9A8;&#x997;&#x9C1;&#x9AA;&#x9CD;&#x9A4;</subfield>
  </datafield>
  <datafield tag="260" ind1=" " ind2=" ">
    <subfield code="a">&#x995;&#x9B2;&#x9BF;&#x995;&#x9BE;&#x9A4;&#x9BE; :</subfield>
    <subfield code="b">&#x986;&#x9B2;&#x9AB;&#x9BE; &#x9AA;&#x9BE;&#x9AC;&#x9B2;&#x9BF;&#x9B8;&#x9BF;&#x982;,</subfield>
    <subfield code="c">&#x9E7;&#x9EF;&#x9ED;&#x9E6; [&#x9E7;&#x9E9;&#x9ED;&#x9EC;]</subfield>
  </datafield>
  <datafield tag="300" ind1=" " ind2=" ">
    <subfield code="a">[&#x9EC;] &#x9E7;&#x9EB;&#x9E8; &#x9AA;&#x9C3;.</subfield>
    <subfield code="c">&#x9E8;&#x9E7; &#x9B8;&#x9C7;&#x9AE;&#x9BF;.</subfield>
  </datafield>
  <datafield tag="650" ind1=" " ind2=" ">
    <subfield code="a">&#x9AC;&#x9BE;&#x982;&#x9B2;&#x9BE; &#x995;&#x9AC;&#x9BF;&#x9A4;&#x9BE;</subfield>
    <subfield code="x">&#x987;&#x9A4;&#x9BF;&#x9B9;&#x9BE;&#x9B8; &#x993; &#x9B8;&#x9AE;&#x9BE;&#x9B2;&#x9CB;&#x99A;&#x9A8;&#x9BE; </subfield>
    <subfield code="9">157789</subfield>
  </datafield>
  <datafield tag="650" ind1=" " ind2=" ">
    <subfield code="a">Bengali poetry </subfield>
    <subfield code="x">History and criticism</subfield>
    <subfield code="9">157790</subfield>
  </datafield>
  <datafield tag="942" ind1=" " ind2=" ">
    <subfield code="2">ddc</subfield>
    <subfield code="c">BK</subfield>
  </datafield>
  <datafield tag="999" ind1=" " ind2=" ">
    <subfield code="c">52764</subfield>
    <subfield code="d">52764</subfield>
  </datafield>
  <datafield tag="952" ind1=" " ind2=" ">
    <subfield code="0">0</subfield>
    <subfield code="1">0</subfield>
    <subfield code="2">ddc</subfield>
    <subfield code="4">0</subfield>
    <subfield code="7">0</subfield>
    <subfield code="8">NFIC</subfield>
    <subfield code="a">RUCL</subfield>
    <subfield code="b">RUCL</subfield>
    <subfield code="c">Stack</subfield>
    <subfield code="d">1980-01-12</subfield>
    <subfield code="e">Kolikata : India Enter</subfield>
    <subfield code="g">10.00</subfield>
    <subfield code="l">0</subfield>
    <subfield code="o">B 891.44109 SEP 1970</subfield>
    <subfield code="r">2016-09-26 00:00:00</subfield>
    <subfield code="t">C-2</subfield>
    <subfield code="w">2021-12-09</subfield>
    <subfield code="y">BK</subfield>
  </datafield>
  <datafield tag="952" ind1=" " ind2=" ">
    <subfield code="0">0</subfield>
    <subfield code="1">0</subfield>
    <subfield code="2">ddc</subfield>
    <subfield code="4">0</subfield>
    <subfield code="7">1</subfield>
    <subfield code="8">NFIC</subfield>
    <subfield code="a">RUCL</subfield>
    <subfield code="b">RUCL</subfield>
    <subfield code="c">Reading</subfield>
    <subfield code="d">1980-01-12</subfield>
    <subfield code="e">Kolikata : India Enter</subfield>
    <subfield code="g">10.00</subfield>
    <subfield code="l">0</subfield>
    <subfield code="o">B 891.44109 SEP 1970</subfield>
    <subfield code="r">2017-02-13 00:00:00</subfield>
    <subfield code="t">C-1</subfield>
    <subfield code="w">2017-02-13</subfield>
    <subfield code="y">BK</subfield>
  </datafield>
</record>
